Analýza úrokových a neúrokových zisků a rentability v českém bankovním sektoru

Charakter a štruktúra zisku v bankovom sektore. Faktory ovplyvňujúce štruktúru zisku. Rentabilita bankového sektora. Vplyv rozsahu a charakteru aktivítv bánk na vývoj zisku a rentability. Testovanie hypotézy konvergencie v základných ziskových a nákladových ukazovateľoch medzi veľkými bankami, zahra...

Descrizione completa

Salvato in:
Dettagli Bibliografici
Autore principale: Heřmánek, Jaroslav
Altri autori: Podpiera, Jiří
Natura: Capitolo di libro
Lingua:ceco
Soggetti:
Tags: Aggiungi Tag
Nessun Tag, puoi essere il primo ad aggiungerne!!

MARC

LEADER 00000naa$a2200000$$$4500
001 0004706
005 20231004102606.9
041 0 |a cze 
044 |a CZ 
245 1 0 |a Analýza úrokových a neúrokových zisků a rentability v českém bankovním sektoru  |c aut. Jaroslav Heřmánek, Jiří Podpiera 
520 |a Charakter a štruktúra zisku v bankovom sektore. Faktory ovplyvňujúce štruktúru zisku. Rentabilita bankového sektora. Vplyv rozsahu a charakteru aktivítv bánk na vývoj zisku a rentability. Testovanie hypotézy konvergencie v základných ziskových a nákladových ukazovateľoch medzi veľkými bankami, zahraničnými bankami a pobočkami. 
610 2 0 |a Česko 
610 2 0 |a bankovníctvo 
610 2 0 |a zisk 
610 2 0 |a rentabilita 
610 2 0 |a konvergencia 
100 1 |a Heřmánek, Jaroslav 
700 1 |a Podpiera, Jiří